000 00788nam a22002417a 4500
005 20170124105933.0
010 _aA-937178
020 _c00.00
_a8171009816
035 _aA-937178
037 _bCen Lib/Ret
040 _aDPL
_bEN
082 _a372.372
100 _aMohanty,Jagannath
_98813
245 _aFamily life education :
_cby Jagannath Mohanty [and] Susandhya Mohanty
_badolescence education /
260 _aNew Delhi
_bDeep & Deep publications
_c1997
270 _aF-159,Rajouri Garden
_bNew Delhi
_e110027
300 _ax,153p.
_c21cm(Hb)
500 _aIncludes bibliographical reference and index
650 _aSex instruction
_98814
650 _aFamily life education
_98815
700 _98759
_bMohanty,Susandhya
942 _2ddc
_cEN
_h372.372
_mMOH
999 _c123987
_d123987